Bury my heart at wounded knee: An Indian history of the American West
The book is a documented account of the systematic plunder of the second half of the nineteenth century, battle by battle, massacre by massacre, broken treaty by brokem treaty. Here for the first time is their side of the story. We can see their faces, hear their voices as they tried desperately to...
Guardat en:
| Autor principal: | |
|---|---|
| Format: | Llibre |
| Idioma: | Undetermined |
| Publicat: |
New York
Holt, Rinehart and Winston
1991
|
| Matèries: | |
| Etiquetes: |
Afegir etiqueta
Sense etiquetes, Sigues el primer a etiquetar aquest registre!
|
| Thư viện lưu trữ: | Trung tâm Học liệu Trường Đại học Cần Thơ |
|---|
| LEADER | 01269nam a2200193Ia 4500 | ||
|---|---|---|---|
| 001 | CTU_20026 | ||
| 008 | 210402s9999 xx 000 0 und d | ||
| 082 | |a 970.1 | ||
| 082 | |b B877 | ||
| 100 | |a Dee Brown | ||
| 245 | 0 | |a Bury my heart at wounded knee: An Indian history of the American West | |
| 245 | 0 | |c Dee Brown | |
| 260 | |a New York | ||
| 260 | |b Holt, Rinehart and Winston | ||
| 260 | |c 1991 | ||
| 520 | |a The book is a documented account of the systematic plunder of the second half of the nineteenth century, battle by battle, massacre by massacre, broken treaty by brokem treaty. Here for the first time is their side of the story. We can see their faces, hear their voices as they tried desperately to live in peace and harmony with the white man. With forty-nine photographs of the great chiefs, their wives and warriors; with the words of the Indians themselves, culled from testimonies and transcripts and previously unpublished writings; with a straight-foward, eloquent, and epic style the book presents a unique and disturbing history of the American West from Indian point of view | ||
| 650 | |a indians of north america - west (u.s.) - wars,west (u.s.) - history | ||
| 904 | |i Minh, 971206 | ||
| 980 | |a Trung tâm Học liệu Trường Đại học Cần Thơ | ||